00971 2200313 4500001002100000001002100021005001500042020002200057035002400079040001200103082002000115084002200135090002400157090002200181245008800203245011900291250001100410260002700421260002800448300004600476500001100522504003100533650001800564700001800582850001200600990001500612990001500627990001500642YOGYA000000000001227YOGYA00000000000122720140822091016 a978-602-99608-7-7 0010-081400000001267 aYOPDYOG 2[22]a181.19822 aCoE 181.19822 Mat a658.150 7 Jar P (1) aCoE 181.19822 Mat aPembelanjaan perusahaan soal soal jawaban soal soal ... ed.rev. cet.2cJarwanto, Ps aMATAHARI dari Mataram menyelami spiritualitas Jawa rasional Ki Ageng Suryomentaramanc/ penyunting, Afthonul Afif. aCet.1. aYogyakartabBPFEc1992 aYogyakartabKepikc2012 axxvi, 226 hlm.b: ilus.c; 24 cm (3 eks.) aIndeks aBibliografi : hlm. 221-222 aFilsafat-Jawa aAfthonul Afif aYOPDYOG a53077.P/94 a53078.P/94 a53087.P/94